Welfare effects of social cash transfer programs : (رقم التسجيلة. 164181)
[ عرض عادي ]
| 000 -LEADER | |
|---|---|
| fixed length control field | 02689nam a2200301Ia 4500 |
| 005 - DATE AND TIME OF LATEST TRANSACTION | |
| control field | 20250223033120.0 |
| 008 - FIXED-LENGTH DATA ELEMENTS--GENERAL INFORMATION | |
| fixed length control field | 231030s9999 xx 000 0 und d |
| 049 ## - LOCAL HOLDINGS (OCLC) | |
| Holding library | Deposit |
| 082 ## - DEWEY DECIMAL CLASSIFICATION NUMBER | |
| Classification number | 330.962 |
| 097 ## - Thesis Degree | |
| Thesis Level | M.Sc |
| 099 ## - LOCAL FREE-TEXT CALL NUMBER (OCLC) | |
| Classification number | Cai01.03.02.M.Sc.2022.Hi.W |
| 100 ## - MAIN ENTRY--PERSONAL NAME | |
| Personal name | Hind Ibrahim Hanafy Mohammad, |
| 245 ## - TITLE STATEMENT | |
| Title | Welfare effects of social cash transfer programs : |
| Remainder of title | Evidence from Egypt’s “Takaful” and “Karamah” Programs / |
| Statement of responsibility, etc. | Presented by Hind Ibrahim Hanafy Mohammad ; Supervisor of Sherine ElShawarby. |
| 246 ## - VARYING FORM OF TITLE | |
| Title proper/short title | آثار برامج التحويلات النقدية الاجتماعية على الرفاهة |
| 260 ## - PUBLICATION, DISTRIBUTION, ETC. | |
| Date of publication, distribution, etc. | 2022. |
| 336 ## - CONTENT TYPE | |
| Source | rda content |
| Content type term | text |
| 337 ## - MEDIA TYPE | |
| Source | rdamedia |
| Media type term | Unmediated |
| 338 ## - CARRIER TYPE | |
| Source | rdacarrier |
| Carrier type term | volume |
| 502 ## - DISSERTATION NOTE | |
| Dissertation note | Thesis (M.Sc.)-Cairo University-Faculty of Economics and Political Science,2022. |
| 504 ## - BIBLIOGRAPHY, ETC. NOTE | |
| Bibliography, etc. note | Bibliography: p. 118-133. |
| 520 ## - SUMMARY, ETC. | |
| Summary, etc. | تعتبر التحويلات النقدية الاجتماعية أولوية في البلدان الأقل نمواً، حيث تكون الفجوة بين الحاجة إلى الحماية الاجتماعية الأساسية وما هو متاح أكبر. تمثل هذه الدراسة واحدة من أولى الدراسات التي تتناول تقييم الآثار الشاملة لبرنامجي التحويلات النقدية الاجتماعية ”تكافل” و”كرامة” في مصر. وتؤكد النتائج، المستندة إلى أسلوب التصميم غير التجريبي لمطابقة نقاط الميل (Propensity Score Matching (PSM)) ونهج الانحدارالمرجح (odds-weighted regression)، وبيانات من بحث الدخل والإنفاق والاستهلاك 2017-2018، الآثار الإيجابية لبرنامجي التحويلات النقدية الاجتماعية ”تكافل” و”كرامة” على نصيب الفرد من نفقات الاستهلاك غير الغذائي بما في ذلك الإنفاق على الرعاية الصحية والتعليم للأسر المستفيدة. تشير النتائج أيضًا إلى وجود تأثيرات العتبة للتحويلات النقدية الاجتماعية للبرنامجين، والتي تؤثر في الغالب على نفقات الرعاية الصحية بين الأسر المستفيدة الأكثر فقرًا في الأصول ونفقات التعليم بين المستفيدين الأكثر ثراءً. |
| 650 ## - SUBJECT ADDED ENTRY--TOPICAL TERM | |
| Topical term or geographic name entry element | Economics |
| 653 ## - INDEX TERM--UNCONTROLLED | |
| Uncontrolled term | Social cash transfers |
| 700 ## - ADDED ENTRY--PERSONAL NAME | |
| Personal name | Sherine ElShawarby. |
| 856 ## - ELECTRONIC LOCATION AND ACCESS | |
| Uniform Resource Identifier | <a href="http://172.23.153.220/th.pdf">http://172.23.153.220/th.pdf</a> |
| 905 ## - LOCAL DATA ELEMENT E, LDE (RLIN) | |
| Cataloger | Mohamady |
| 942 ## - ADDED ENTRY ELEMENTS (KOHA) | |
| Koha item type | Thesis |
| Source of classification or shelving scheme | Dewey Decimal Classification |
| Source of classification or shelving scheme | Not for loan | Home library | Current library | Date acquired | Full call number | Barcode | Date last seen | Koha item type |
|---|---|---|---|---|---|---|---|---|
| Dewey Decimal Classification | المكتبة المركزبة الجديدة - جامعة القاهرة | قاعة الرسائل الجامعية - الدور الاول | 11.02.2024 | Cai01.03.02.M.Sc.2022.Hi.W | 01010110086263000 | 30.10.2023 | Thesis |